| 000 | 00661 a2200205 4500 | ||
|---|---|---|---|
| 020 | _a1580532713 | ||
| 040 |
_aDLC _bDLC |
||
| 082 | _a623.043 | ||
| 100 | 1 | _aFrater, Michael R. | |
| 245 | 1 | 0 |
_aElectronic warfare for the digitized battlefield _cMichael R. Frater, Michael Ryan. |
| 260 |
_aBoston, Mass. : _bArtech House, _c2001. |
||
| 300 |
_a262 p. : _bill. |
||
| 440 | 0 | _aArtech House information warfare library. | |
| 650 | 0 | _aElectronics in military engineering. | |
| 650 | 0 | _aCommand and control systems. | |
| 650 | 0 | _aInformation warfare. | |
| 650 | 0 |
_aMilitary art and science _xAutomation. |
|
| 700 | 1 | _aRyan, M. J. | |
| 942 |
_cBK _k623.043 FRA _2ddc |
||
| 999 |
_c8646 _d8646 |
||